MARC

LEADER 00000nam0a2200000 4500
001 61943
005 20231031062907.0
035 |a (RuTPU)RU\TPU\book\65621 
090 |a 61943 
100 |a 20040329d1968 k y0rusy50 ca 
101 0 |a rus 
102 |a RU 
105 |a a z 000zy 
200 1 |a Буровая техника и технология за рубежом  |f Н. Н. Калмыков, Ю. А. Стефанов, А. И. Яковлев 
210 |a Москва  |c Недра  |d 1968 
215 |a 319 с.  |c ил. 
320 |a Библиогр.: с. 317-318. 
610 1 |a техника 
610 1 |a технология бурения 
610 1 |a скважины 
610 1 |a испытания 
610 1 |a США 
610 1 |a буровое оборудование 
610 1 |a бурильные трубы 
610 1 |a обсадные трубы 
610 1 |a долота 
675 |a 622.323.24.0025  |v 3 
700 1 |a Калмыков  |b Н. Н.  |g Николай Николаевич 
701 1 |a Стефанов  |b Ю. А.  |g Юрий Александрович 
701 1 |a Яковлев  |b А. И.  |g Аркадий Илларионович 
801 1 |a RU  |b 63413507  |c 20040329  |g PSBO 
801 2 |a RU  |b 63413507  |c 20220915  |g PSBO 
900 |a Бурение и испытание нефтегазовых скважин 
942 |c BK